Caja de herramientas: actividades de promoción de lectura y escritura para las bibliotecas (Registro nro. 11878)
[ vista simple ]
| 000 -CABECERA | |
|---|---|
| Longitud fija campo de control | 00681nam a2200193 4500 |
| 003 - • IDENTIFICADOR DELl NÚMERO DE CONTROL | |
| Identificador del número de control | CO-ViMGA |
| 020 ## - • NÚMERO INTERNACIONAL NORMALIZADO PARA LIBROS | |
| Número Internacional Normalizado para Libros (ISBN) | 9789589854914 |
| 040 ## - FUENTE DE LA CATALOGACIÓN | |
| Centro catalogador de origen | CO-ViMGA |
| Lengua de catalogación | spa |
| Centro transcriptor | CO-ViMGA |
| 082 04 - • NÚMERO DE LA CLASIFICACIÓN DECIMAL DEWEY | |
| Número de clasificación (R) | 028.5 |
| Número del ítem | C13 |
| 245 10 - • TITULO PROPIAMENTE DICHO | |
| Título | Caja de herramientas: actividades de promoción de lectura y escritura para las bibliotecas |
| Mención de responsabilidad, etc. | Bibloamigos |
| 250 ## - • MENCIÓN DE EDICIÓN | |
| Mención de edición | Edicion especial |
| 300 ## - • DESCRIPCIÓN FÍSICA | |
| Extensión | 60 p. : |
| 490 ## - • MENCIÓN DE SERIE | |
| Mención de serie | Plan Nacional de Lectura y Escritura Leer es mi Cuento / Ministerio de Cultura |
| 650 14 - • PUNTO DE ACCESO ADICIONAL DE MATERIA - TÉRMINO DE MATERIA | |
| Término de materia o nombre geográfico como elemento inicial | Actividades de promocion de lectura |
| 650 14 - • PUNTO DE ACCESO ADICIONAL DE MATERIA - TÉRMINO DE MATERIA | |
| Término de materia o nombre geográfico como elemento inicial | Libros y Lectura |
| 650 14 - • PUNTO DE ACCESO ADICIONAL DE MATERIA - TÉRMINO DE MATERIA | |
| Término de materia o nombre geográfico como elemento inicial | Promocion de lectura |
| 942 ## - ENTRADA DE ELEMENTOS AGREGADOS (KOHA) | |
| Fuente de clasificaión o esquema | Dewey Decimal Classification |
| Koha [por defecto] tipo de item | LIbro |
| Perdido | Fuente de clasificación o esquema | Estado Físico | No para préstamo | Forma de adquisición | Localización permanente | Localización actual | Fecha adquisición | Préstamos totales | Signatura completa | Código de barras | Fecha última consulta | Número de copia | Fecha del precio de reemplazo | Tipo de item de Koha | Localización en estanterías |
|---|---|---|---|---|---|---|---|---|---|---|---|---|---|---|---|
| Dewey Decimal Classification | Infantil | Biblioteca Pública Puerto López - Jorge Eliecer Gaitán | Biblioteca Pública Puerto López - Jorge Eliecer Gaitán | 06/12/2025 | 028.5 C13 | PLZ01548 | 06/12/2025 | Ej.1 | 06/12/2025 | LIbro | Sala Infantil | ||||
| Dewey Decimal Classification | Sala General | Biblioteca Comunitaria - Villavicencio | Biblioteca Comunitaria - Villavicencio | 05/30/2019 | 028.5 C13 | 32845 | 05/30/2019 | Ej. 2 | 05/30/2019 | LIbro | |||||
| Dewey Decimal Classification | Colección General | Biblioteca Pública Acacias - Carlos María Hernández Rojas | Biblioteca Pública Acacias - Carlos María Hernández Rojas | 04/10/2025 | 028.5 C14 | ACA01107 | 04/10/2025 | Ej.1 | 04/10/2025 | LIbro | General | ||||
| Missing | Dewey Decimal Classification | Sala General Segundo Piso | Biblioteca Pública Germán Arciniegas - Villavicencio | Biblioteca Pública Germán Arciniegas - Villavicencio | 05/30/2019 | 028.5 C13 | 32841 | 05/30/2019 | Ej. 1 | 05/30/2019 | LIbro |